[Event "Open"]
[Site "Baku AZE"]
[Date "2010.08.24"]
[Round "2"]
[White "Toufighi,H"]
[Black "Joussifov,N"]
[Result "1/2-1/2"]
[WhiteElo "2501"]
[BlackElo "2215"]
[EventDate "2010.08.23"]

1. e4 e6 2. d4 d5 3. exd5 exd5 4. Nf3 Bd6 5. c4 c6 6. Nc3 Ne7 7. c5 Bc7 8.
Bd3 Bf5 9. O-O O-O 10. Re1 Bxd3 11. Qxd3 Ng6 12. b4 a6 13. a4 Nd7 14. Bg5
f6 15. Bd2 Re8 16. b5 axb5 17. axb5 Rxe1+ 18. Rxe1 Ndf8 19. g3 Ba5 20. h4
Qd7 21. Ra1 Qd8 22. Rb1 Bxc3 23. Qxc3 Qd7 24. Ra1 Rxa1+ 25. Qxa1 cxb5 26.
Qa8 Kf7 27. h5 Ne7 28. h6 g6 29. Bf4 Nc8 30. Nd2 Ne6 31. Be3 Nd8 32. Nb3
Nc6 33. Qa2 N8e7 34. Qe2 b4 35. g4 Qe6 36. f3 Ng8 37. Kf2 Nge7 38. Qb5 Qc8
39. Bf4 Qa8 40. Qe2 Qa3 41. Qe3 Na5 42. Nxa5 Qxa5 43. Bd6 Qa2+ 44. Kg3 Nc6
45. Qf4 Qa1 46. Bf8 Qxd4 47. Qc7+ Kxf8 48. Qxh7 Qe5+ 49. Kg2 Ne7 50. Qg7+
Ke8 51. h7 Qe2+ 52. Kg3 Qe1+ 53. Kg2 Qe2+ 1/2-1/2

[Event "Open"]
[Site "Baku AZE"]
[Date "2010.08.24"]
[Round "2"]
[White "Zeynalov,R"]
[Black "Jojua,D"]
[Result "0-1"]
[WhiteElo "2030"]
[BlackElo "2530"]
[EventDate "2010.08.23"]

1. e4 c5 2. Nf3 e6 3. d3 Nc6 4. g3 d5 5. Nbd2 Nf6 6. Bg2 Be7 7. O-O b6 8.
e5 Nd7 9. Re1 Qc7 10. Qe2 Bb7 11. Nf1 h6 12. h4 O-O-O 13. c4 dxc4 14. dxc4
g5 15. hxg5 hxg5 16. Bxg5 Bxg5 17. Nxg5 Ndxe5 18. Nf3 Nxf3+ 19. Qxf3 Rh7
20. Rad1 Rdh8 21. Qf4 Qxf4 22. gxf4 Nd4 23. Bxb7+ Kxb7 24. Kg2 Rg8+ 25. Ng3
Rh4 26. f5 exf5 27. Re7+ Kc6 28. Rh1 Rxh1 29. Kxh1 f4 30. Ne2 Kd6 31. Re4
f5 32. Rxf4 Ke5 33. Nxd4 Kxf4 34. Nc6 Kf3 0-1

[Event "Open"]
[Site "Baku AZE"]
[Date "2010.08.25"]
[Round "3"]
[White "Agaragimov,D"]
[Black "Toufighi,H"]
[Result "1-0"]
[WhiteElo "2311"]
[BlackElo "2501"]
[EventDate "2010.08.23"]

1. d4 e6 2. Nf3 Nf6 3. e3 b6 4. Bd3 Bb7 5. O-O c5 6. b3 Be7 7. Bb2 O-O 8.
Qe2 Nc6 9. a3 d5 10. Nbd2 Rc8 11. Rfd1 Qc7 12. Rac1 Rfd8 13. c4 cxd4 14.
exd4 Qb8 15. c5 bxc5 16. dxc5 a5 17. Nd4 Nxd4 18. Bxd4 Nd7 19. b4 axb4 20.
axb4 Ba8 21. Bb5 Bf6 22. Bxd7 Rxd7 23. Bxf6 gxf6 24. Qg4+ Kf8 25. Nf3 Rb7
26. Qh4 Rxb4 27. Nd4 Kg7 28. Re1 h5 29. Rc3 Rb1 30. Nxe6+ 1-0

[Event "Open"]
[Site "Baku AZE"]
[Date "2010.08.25"]
[Round "3"]
[White "Aghasiyeva,Fidan"]
[Black "Guliyev,N"]
[Result "0-1"]
[WhiteElo "2075"]
[BlackElo "2510"]
[EventDate "2010.08.23"]

1. e4 c5 2. Nc3 g6 3. Bc4 Bg7 4. Nge2 Nc6 5. a4 e6 6. d3 Nge7 7. Bg5 h6 8.
Bh4 O-O 9. O-O g5 10. Bg3 d5 11. Ba2 d4 12. Nb1 e5 13. h4 Ng6 14. hxg5 hxg5
15. Bh2 Be6 16. Bxe6 fxe6 17. Ng3 Nf4 18. Qg4 Bf6 19. Nd2 Kf7 20. Nh5 Nxh5
21. Qxh5+ Ke7 22. Nf3 Rh8 23. Qg4 Qg8 24. g3 Rh6 25. Kg2 Qh7 26. Rh1 Rh8
27. Kf1 Nd8 28. a5 Nf7 29. b4 c4 30. dxc4 Nd6 31. c5 Nxe4 32. Re1 Nc3 33.
Nxd4 exd4 34. Qxe6+ Kd8 35. Qd6+ Kc8 36. c6 Qc7 37. cxb7+ Kb8 38. g4 Rxh2
0-1

[Event "Open"]
[Site "Baku AZE"]
[Date "2010.08.25"]
[Round "3"]
[White "Aleskerov,F"]
[Black "Miroshnichenko,E"]
[Result "0-1"]
[WhiteElo "2289"]
[BlackElo "2686"]
[EventDate "2010.08.23"]

1. d4 g6 2. e4 Bg7 3. f4 c5 4. dxc5 Qa5+ 5. Bd2 Qxc5 6. Bc3 Nf6 7. Qd4 Qxd4
8. Bxd4 Nc6 9. Bc3 e5 10. Bd3 d5 11. exd5 Nxd5 12. fxe5 Nxe5 13. Bb5+ Bd7
14. Bxd7+ Kxd7 15. Bxe5 Bxe5 16. c3 Rhe8 17. Kf2 Nf4 18. a4 Nd3+ 19. Kf3
Rac8 20. Ra2 Rc6 21. Nh3 Rf6+ 22. Ke3 Rd6 23. Kf3 Rf6+ 24. Ke3 Ne1 25. Ke2
Bf4+ 26. Kf2 Bxh2+ 0-1

[Event "Open"]
[Site "Baku AZE"]
[Date "2010.08.25"]
[Round "3"]
[White "Azaladze,S"]
[Black "Mamedov,Rau"]
[Result "1/2-1/2"]
[WhiteElo "2443"]
[BlackElo "2660"]
[EventDate "2010.08.23"]

1. b4 d5 2. Bb2 Nf6 3. Nf3 g6 4. e3 Bg7 5. Be2 O-O 6. O-O Nbd7 7. c4 c6 8.
d4 a5 9. b5 cxb5 10. cxb5 a4 11. Ne5 Ne4 12. Qe1 Qc7 13. Nxd7 Bxd7 14. Ba3
Rfc8 15. Bxe7 Bxb5 16. Bb4 Bxe2 17. Qxe2 Qc4 18. Qb2 h5 19. Na3 Qa6 20.
Rfc1 Rc6 21. f3 Ng5 22. Rxc6 bxc6 23. Rc1 Ne6 24. Qd2 Rb8 25. Nc2 Qc4 26.
a3 Bh6 27. Ne1 Qb5 28. f4 Bg7 1/2-1/2

[Event "Open"]
[Site "Baku AZE"]
[Date "2010.08.25"]
[Round "3"]
[White "Bajarani,U"]
[Black "Aleksandrov,A"]
[Result "1/2-1/2"]
[WhiteElo "2409"]
[BlackElo "2642"]
[EventDate "2010.08.23"]

1. e4 e5 2. Nf3 Nc6 3. Bb5 a6 4. Ba4 Nf6 5. O-O Be7 6. d3 d6 7. c4 O-O 8.
Nc3 Bd7 9. a3 Re8 10. b4 Bf8 11. h3 h6 12. Be3 Ne7 13. Bb3 Ng6 14. Re1 a5
15. c5 axb4 16. axb4 Rxa1 17. Qxa1 Be6 18. Bxe6 Rxe6 19. d4 exd4 20. Bxd4
dxc5 21. Bxc5 Bxc5 22. bxc5 Nd7 23. Qd1 Re8 24. Qd4 Nde5 25. Qxd8 Nxf3+ 26.
gxf3 Rxd8 27. Rb1 Rd3 28. Nd5 c6 29. Ne3 Rd7 30. Nc4 Nf4 31. Nd6 Nxh3+ 32.
Kg2 Nf4+ 33. Kf1 h5 34. Rxb7 Rxb7 35. Nxb7 Ne6 36. Na5 Nd4 37. f4 g6 38.
Kg2 Kf8 39. f3 Ke7 40. Kf2 Kd7 41. Nc4 f6 42. Nb2 Kc7 43. Nd3 Kb7 44. Ke3
Ne6 45. f5 gxf5 46. exf5 Nc7 47. Kf4 Ka6 48. Nf2 Nd5+ 49. Kg3 Ne7 50. Kf4
Kb5 51. Ne4 Nd5+ 52. Kg3 Kc4 53. Kh4 Kd4 54. Kxh5 Ke5 55. Kg6 Ne7+ 56. Kf7
Nxf5 57. Nxf6 Nd4 58. Nd7+ Kf4 1/2-1/2

[Event "Open"]
[Site "Baku AZE"]
[Date "2010.08.25"]
[Round "3"]
[White "Durarbeyli,V"]
[Black "Hasanov,R"]
[Result "1-0"]
[WhiteElo "2501"]
[BlackElo "2162"]
[EventDate "2010.08.23"]

1. e4 c5 2. Nc3 d6 3. Nge2 Nc6 4. d4 cxd4 5. Nxd4 Nf6 6. Bg5 e6 7. Qd2 Be7
8. O-O-O a6 9. f4 h6 10. Bxf6 gxf6 11. Be2 h5 12. Bf3 Qb6 13. Nb3 Bd7 14.
h4 a5 15. a4 Nb4 16. Kb1 Rc8 17. Qe2 Qc7 18. Rd2 Qb6 19. Nb5 e5 20. Rhd1
Rc6 21. f5 Na6 22. Qf2 Qxf2 23. Rxf2 Rb6 24. Nxa5 Bxb5 25. axb5 Rxb5 26.
Nc4 d5 27. exd5 Bc5 28. Re2 O-O 29. c3 Rc8 30. d6 Rd8 31. Rd5 1-0

[Event "Open"]
[Site "Baku AZE"]
[Date "2010.08.25"]
[Round "3"]
[White "Golizadeh,A"]
[Black "Abdulla,K"]
[Result "1-0"]
[WhiteElo "2481"]
[BlackElo "2193"]
[EventDate "2010.08.23"]

1. e4 c5 2. Nf3 e6 3. d4 cxd4 4. Nxd4 a6 5. Nc3 Qc7 6. f4 b5 7. Bd3 Bb7 8.
Qe2 Nc6 9. Nxc6 Bxc6 10. a4 b4 11. Nd5 Qa5 12. Bd2 Bd6 13. O-O Ne7 14. Ne3
O-O 15. Kh1 Qc7 16. Nc4 Bc5 17. f5 exf5 18. exf5 Nd5 19. f6 g6 20. Qg4 Rfe8
21. Qh4 Re6 22. Rf3 Nxf6 23. Rxf6 Be7 24. Qf4 Qb7 25. Rxe6 Bxg2+ 26. Kg1
fxe6 27. Qf2 Bh1 28. Rf1 Rc8 29. Bh6 Bf6 30. Ne3 1-0

[Event "Open"]
[Site "Baku AZE"]
[Date "2010.08.25"]
[Round "3"]
[White "Guliev,L"]
[Black "Rustamzada,Dargah"]
[Result "1-0"]
[WhiteElo "2437"]
[BlackElo "2093"]
[EventDate "2010.08.23"]

1. e4 e5 2. Nf3 Nc6 3. Bb5 a6 4. Ba4 Nf6 5. O-O Be7 6. Re1 b5 7. Bb3 d6 8.
c3 O-O 9. h3 Na5 10. Bc2 c5 11. d4 Qc7 12. Nbd2 cxd4 13. cxd4 Nc6 14. Nb3
a5 15. Be3 Nb4 16. Bb1 a4 17. Nbd2 Bd7 18. a3 Na6 19. Bd3 Qb8 20. Qe2 Re8
21. b4 axb3 22. Nxb3 Bd8 23. d5 Qb7 24. Reb1 g6 25. Nbd2 Qc7 26. a4 Nc5 27.
axb5 Na4 28. Qf1 Qb7 29. Nc4 Be7 30. Qe1 Nc5 31. Rxa8 Nxd3 32. Rxe8+ Bxe8
33. Qe2 Nf4 34. Bxf4 exf4 35. b6 Bd8 36. Na5 Qb8 37. Nc6 Bxc6 38. dxc6 Bxb6
39. Qb2 1-0

[Event "Open"]
[Site "Baku AZE"]
[Date "2010.08.25"]
[Round "3"]
[White "Idrisov,T"]
[Black "Abbasov,F"]
[Result "0-1"]
[WhiteElo "2219"]
[BlackElo "2549"]
[EventDate "2010.08.23"]

1. d4 Nf6 2. c4 g6 3. Nc3 Bg7 4. e4 d6 5. f3 O-O 6. Be3 Nc6 7. Nge2 a6 8.
Qd2 Rb8 9. h4 h5 10. Nc1 e5 11. d5 Nd4 12. Nb3 Nxb3 13. axb3 c5 14. Nd1 Nh7
15. Be2 f5 16. b4 b6 17. bxc5 bxc5 18. Nc3 Bf6 19. Bf2 Kg7 20. Bd3 Rf7 21.
Qc2 f4 22. Ra2 Rfb7 23. Ke2 Be7 24. Be1 Nf6 25. Nd1 Ne8 26. Ra3 Nc7 27. b3
Bd7 28. Qa2 a5 29. Bc2 a4 30. bxa4 Na6 31. Bd3 Nb4 32. Qd2 Qe8 33. Nc3 Ra8
34. Bc2 Nxc2 35. Qxc2 Rb4 36. Nb5 Rxc4 37. Qxc4 Bxb5 38. axb5 Rxa3 39. Bd2
Bd8 40. Rb1 Bb6 41. Be1 Qa8 0-1

[Event "Open"]
[Site "Baku AZE"]
[Date "2010.08.25"]
[Round "3"]
[White "Joussifov,N"]
[Black "Rasulov,Vu"]
[Result "0-1"]
[WhiteElo "2215"]
[BlackElo "2442"]
[EventDate "2010.08.23"]

1. d4 Nf6 2. Nf3 c5 3. d5 b5 4. e4 Nxe4 5. c4 bxc4 6. Bxc4 Nd6 7. b3 Nxc4
8. bxc4 g6 9. Bb2 f6 10. O-O Bg7 11. Nbd2 O-O 12. d6 e6 13. Nb3 Na6 14. Ba3
Bb7 15. Nxc5 Nxc5 16. Bxc5 Qc8 17. Ba3 Qxc4 18. Rc1 Qxa2 19. Qd3 Rab8 20.
Rc7 Bxf3 21. Qxf3 Rb3 22. Rc3 Rfb8 23. Bc1 f5 24. Rxb3 Qxb3 25. Qe2 a5 26.
Qa6 Qb6 27. Qd3 a4 28. g3 Ra8 29. Qc4 Qxd6 30. Bf4 Qc6 31. Qd3 a3 32. Rc1
a2 0-1

[Event "Open"]
[Site "Baku AZE"]
[Date "2010.08.25"]
[Round "3"]
[White "Kowsarinia,A"]
[Black "Ibrahimov,R"]
[Result "1/2-1/2"]
[WhiteElo "2195"]
[BlackElo "2534"]
[EventDate "2010.08.23"]

1. c4 c5 2. Nf3 Nf6 3. d4 cxd4 4. Nxd4 d6 5. Nc3 a6 6. e4 e6 7. Be2 Be7 8.
Be3 O-O 9. O-O b6 10. Rc1 Bb7 11. f3 Nbd7 12. Qe1 Re8 13. Qf2 Rc8 14. Rfd1
Qc7 15. b4 Qb8 16. a3 Bd8 17. Nb3 Bc7 18. Kh1 Rcd8 19. Rc2 Kh8 20. a4 Ba8
21. Rb1 Ne5 1/2-1/2

[Event "Open"]
[Site "Baku AZE"]
[Date "2010.08.25"]
[Round "3"]
[White "Mammadov,A"]
[Black "Guseinov,G"]
[Result "0-1"]
[WhiteElo "2327"]
[BlackElo "2611"]
[EventDate "2010.08.23"]

1. e4 c5 2. Nf3 Nc6 3. d4 cxd4 4. Nxd4 Nf6 5. Nc3 d6 6. g3 Bg4 7. f3 Bd7 8.
Bg2 g6 9. Be3 Bg7 10. Qd2 O-O 11. O-O Rc8 12. h3 a6 13. f4 b5 14. Nxc6 Bxc6
15. a3 Nd7 16. Bd4 Bxd4+ 17. Qxd4 Bb7 18. Rf2 Qb6 19. Qxb6 Nxb6 20. Nd5
Bxd5 21. exd5 Rc5 22. Rd1 Rfc8 23. c3 R8c7 24. Re2 Kf8 25. Kf2 a5 26. Rd4
Rb7 27. h4 Rc4 28. Ke3 Na4 29. Kd3 Rxd4+ 30. cxd4 b4 31. b3 Nc3 32. Rc2 Rc7
33. a4 f5 34. Bf3 Kg7 35. Bg2 Kf6 36. Bf3 h6 37. Bh1 Rc8 38. Rc1 Rc7 39.
Rc2 g5 40. hxg5+ hxg5 41. fxg5+ Kxg5 42. Bf3 Rc8 43. Rh2 Nxa4 44. Kd2 Rc3
45. Bd1 Nb6 46. Rh8 Nxd5 47. g4 fxg4 0-1

[Event "Open"]
[Site "Baku AZE"]
[Date "2010.08.25"]
[Round "3"]
[White "Pirverdiyev,A"]
[Black "Esen,B"]
[Result "0-1"]
[WhiteElo "2090"]
[BlackElo "2518"]
[EventDate "2010.08.23"]

1. e4 c5 2. Nf3 d6 3. c3 Nf6 4. Bd3 Nc6 5. Bc2 Bg4 6. h3 Bh5 7. d3 e6 8.
Nbd2 d5 9. Qe2 Qc7 10. Nf1 Bd6 11. g4 Bg6 12. Nh4 O-O-O 13. Ng2 c4 14. dxc4
dxe4 15. Nd2 Ne5 16. Nxe4 Qc6 17. Nxd6+ Rxd6 18. O-O Nf3+ 19. Kh1 Bxc2 20.
Qxc2 g5 0-1

[Event "Open"]
[Site "Baku AZE"]
[Date "2010.08.25"]
[Round "3"]
[White "Safarli,E"]
[Black "Chighladze,I"]
[Result "1-0"]
[WhiteElo "2603"]
[BlackElo "2375"]
[EventDate "2010.08.23"]

1. e4 Nf6 2. e5 Nd5 3. d4 d6 4. Nf3 Nc6 5. c4 Nb6 6. Nc3 Bg4 7. Be3 e6 8.
exd6 cxd6 9. Qb3 Qd7 10. d5 Bxf3 11. gxf3 Ne5 12. f4 Nf3+ 13. Ke2 Nh4 14.
Bh3 Be7 15. dxe6 fxe6 16. Nd5 Bd8 17. Nc3 Qf7 18. Rhg1 Nf5 19. Bxf5 exf5
20. c5 dxc5 21. Bxc5 Qxb3 22. axb3 Kf7 23. Nb5 Nc8 24. Rad1 Re8+ 25. Kf3 a6
26. Rd7+ Ke6 27. Rxd8 Rxd8 28. Nc7+ Kf7 29. Nxa8 Rd3+ 30. Ke2 Rxb3 31. Bd4
g6 32. Nc7 Ne7 33. Bc3 Rb6 34. Rd1 Rc6 35. Rd7 1-0

[Event "Open"]
[Site "Baku AZE"]
[Date "2010.08.25"]
[Round "3"]
[White "Savchenko,B"]
[Black "Allahverdiev,A"]
[Result "0-1"]
[WhiteElo "2623"]
[BlackElo "2410"]
[EventDate "2010.08.23"]

1. c4 Nf6 2. d4 e6 3. Nf3 b6 4. g3 Ba6 5. b3 d5 6. Bg2 Bb4+ 7. Nbd2 Nbd7 8.
O-O O-O 9. a3 Be7 10. Ne5 Bb7 11. Bb2 c5 12. cxd5 exd5 13. Ndc4 cxd4 14.
Nxd7 Qxd7 15. Ne5 Qe6 16. Nf3 Ne4 17. Bxd4 Rac8 18. e3 Ba6 19. Re1 Rc7 20.
Be5 Rcc8 21. Qb1 Bf6 22. Bd4 Bxd4 23. Nxd4 Qe5 24. Qb2 h5 25. a4 h4 26. g4
Bb7 27. h3 Rc5 28. b4 Rc4 29. a5 Rfc8 30. a6 Bc6 31. Bf1 Ba8 32. Bg2 Qf6
33. Re2 Bc6 34. Nf3 Nc3 35. Rd2 Bd7 36. Nd4 Qe7 37. Rc1 Qxb4 38. Qxb4 Rxb4
39. Rdc2 Rbc4 40. Bxd5 Ne2+ 41. Kf1 Rxc2 42. Rxc2 Nxd4 43. Rxc8+ Bxc8 44.
exd4 Bxa6+ 45. Kg2 Kf8 46. f4 f6 0-1

[Event "Open"]
[Site "Baku AZE"]
[Date "2010.08.25"]
[Round "3"]
[White "Sutovsky,E"]
[Black "Maghalashvili,Da"]
[Result "1/2-1/2"]
[WhiteElo "2665"]
[BlackElo "2465"]
[EventDate "2010.08.23"]

1. e4 c5 2. Nf3 d6 3. d4 cxd4 4. Nxd4 Nf6 5. Nc3 Nc6 6. Bg5 e6 7. Qd2 Qb6
8. Bxf6 gxf6 9. Nb3 Bd7 10. Be2 h5 11. O-O Be7 12. a4 Na5 13. Nb5 Bxb5 14.
Bxb5+ Nc6 15. Qa5 Qxa5 16. Nxa5 Kd7 17. Nxb7 a5 18. Ra3 Ra7 19. Rc3 Rc8 20.
Nxd6 Bxd6 21. Rd1 Ke7 22. Rxc6 1/2-1/2

[Event "Open"]
[Site "Baku AZE"]
[Date "2010.08.26"]
[Round "4"]
[White "Abbasov,F"]
[Black "Safarli,E"]
[Result "0-1"]
[WhiteElo "2549"]
[BlackElo "2603"]
[EventDate "2010.08.23"]

1. d4 Nf6 2. c4 g6 3. Nc3 d5 4. Nf3 Bg7 5. Qb3 dxc4 6. Qxc4 O-O 7. e4 a6 8.
e5 b5 9. Qb3 Nfd7 10. Ng5 Nb6 11. Be3 Nc6 12. Rd1 Na5 13. Qb4 Nac4 14. Bc1
Bg4 15. f3 Bf5 16. Nge4 c6 17. Bxc4 Nxc4 18. b3 Nb6 19. O-O a5 20. Qc5 Rc8
21. Bg5 f6 22. exf6 exf6 23. Bh4 Nd7 24. Qd6 Re8 25. d5 b4 26. dxc6 Qb6+
27. Bf2 Qxc6 28. Na4 Bxe4 29. fxe4 Qxd6 30. Rxd6 Ne5 31. Bb6 Nf7 32. Rdd1
Rxe4 33. Rc1 Ra8 34. Rc5 f5 35. Rxa5 Rc8 36. Rd1 h5 37. Rc5 Rce8 38. Rc2 h4
39. Kf1 Be5 40. Bg1 Bd6 41. Nb6 g5 42. Nd5 Kg7 43. Bd4+ Kg6 44. Rc6 R8e6
45. Bg1 g4 46. Rc4 Re2 47. Nxb4 Bxb4 48. Rxb4 Rxa2 49. Rb6 Rxb6 50. Bxb6 f4
51. Bf2 h3 52. gxh3 gxh3 53. b4 Ne5 54. b5 Ng4 55. Bg1 f3 56. b6 f2 57.
Bxf2 Rxf2+ 58. Ke1 Rxh2 59. Rd6+ Kf5 60. Rd5+ Ke4 61. Rh5 Kd3 0-1

[Event "Open"]
[Site "Baku AZE"]
[Date "2010.08.26"]
[Round "4"]
[White "Agayev,N"]
[Black "Khademalsharieh,S"]
[Result "1/2-1/2"]
[WhiteElo "2317"]
[BlackElo "2097"]
[EventDate "2010.08.23"]

1. e4 e5 2. Nf3 Nc6 3. Bb5 a6 4. Ba4 d6 5. O-O Bd7 6. c3 g6 7. d4 Bg7 8. h3
Nf6 9. Re1 O-O 10. Bg5 b5 11. Bc2 h6 12. Be3 Nh5 13. Nbd2 Qf6 14. Nf1 Rad8
15. Qe2 Nf4 16. Bxf4 Qxf4 17. Ne3 Ne7 18. Rad1 h5 19. Rd2 exd4 20. cxd4 Bc6
21. Qd3 Rfe8 22. Rde2 Bd7 23. Nf1 c5 24. g3 Qf6 25. e5 dxe5 26. dxe5
1/2-1/2

[Event "Open"]
[Site "Baku AZE"]
[Date "2010.08.26"]
[Round "4"]
[White "Aleksandrov,A"]
[Black "Quparadze,G"]
[Result "1-0"]
[WhiteElo "2642"]
[BlackElo "2345"]
[EventDate "2010.08.23"]

1. d4 e6 2. c4 Nf6 3. Nc3 Bb4 4. e3 b6 5. Nge2 Ne4 6. Qc2 Nxc3 7. Nxc3 Bb7
8. a3 Bxc3+ 9. Qxc3 O-O 10. b4 d6 11. Bb2 Nd7 12. c5 bxc5 13. dxc5 Nf6 14.
c6 Bc8 15. Be2 e5 16. O-O Qe7 17. b5 Be6 18. f4 Nd5 19. Qd2 exf4 20. exf4
f5 21. Rae1 Nf6 22. Bd3 Qf7 23. Qc3 Rfe8 24. Qd4 Ne4 25. Bxe4 fxe4 26. Rxe4
Bd5 27. Rxe8+ Rxe8 28. h3 h6 29. Rf2 Re1+ 30. Kh2 Re4 31. Qd2 a6 32. bxa6
Bxc6 33. Rf3 Re7 34. Rg3 Qc4 35. f5 Kh7 36. a7 Be4 37. Rg4 Qd5 38. Qc3 Qg8
39. f6 h5 40. fxe7 hxg4 41. e8=Q 1-0

[Event "Open"]
[Site "Baku AZE"]
[Date "2010.08.26"]
[Round "4"]
[White "Allahverdiev,A"]
[Black "Sutovsky,E"]
[Result "1/2-1/2"]
[WhiteElo "2410"]
[BlackElo "2665"]
[EventDate "2010.08.23"]

1. c4 e5 2. g3 Nf6 3. Bg2 c6 4. d4 Bb4+ 5. Bd2 Bxd2+ 6. Qxd2 e4 7. Nc3 d5
8. Nh3 Bf5 9. cxd5 cxd5 10. f3 exf3 11. exf3 Qe7+ 12. Kf2 Bxh3 13. Bxh3 O-O
14. Rad1 Nc6 15. Bf5 Rfe8 16. Rhe1 Qb4 17. a3 Qb6 18. Rxe8+ Rxe8 19. Bb1
Rc8 20. Ne2 Ne5 21. Ba2 Re8 22. Nc3 Nc4 23. Bxc4 dxc4 24. Kg2 Nd7 25. Ne4
Rd8 26. Qe2 Re8 27. Qd2 f5 28. Nf2 Qe6 29. Kf1 Qe3 30. Qxe3 Rxe3 31. Rc1 b5
32. Rc3 Re8 33. a4 a6 34. axb5 axb5 35. b3 Nb6 36. bxc4 Nxc4 37. Nd1 Kf7
38. Kf2 Rd8 39. Ne3 Nd6 40. Rc7+ Ke6 41. Rxg7 b4 42. Ke2 b3 43. Nd1 Nb5 44.
Rb7 Nxd4+ 45. Ke3 Kd5 46. Rxh7 Kc4 47. Rc7+ Kb4 48. Rb7+ Nb5 49. Nb2 Rd5
50. Rb8 Re5+ 51. Kd2 Rd5+ 52. Ke3 Kc3 53. Na4+ Kb4 54. Nb2 Kc3 55. Na4+ Kc2
56. Rc8+ Kb1 57. Rb8 Kc2 58. Rc8+ Kb1 59. Rb8 Kc2 60. Rc8+ 1/2-1/2

[Event "Open"]
[Site "Baku AZE"]
[Date "2010.08.26"]
[Round "4"]
[White "Esen,B"]
[Black "Hejazipour,M"]
[Result "1-0"]
[WhiteElo "2518"]
[BlackElo "2233"]
[EventDate "2010.08.23"]

1. d4 Nf6 2. c4 e6 3. Nf3 b6 4. a3 Bb7 5. Nc3 d5 6. cxd5 Nxd5 7. Bd2 Nf6 8.
Bg5 Nbd7 9. e4 h6 10. Bxf6 Qxf6 11. e5 Qd8 12. Bc4 a6 13. O-O b5 14. Ba2
Nb6 15. Qe2 Be7 16. Rac1 O-O 17. Rfd1 Qd7 18. Ne4 Nd5 19. Bb1 Rfd8 20. Ne1
b4 21. Nd3 bxa3 22. Ndc5 Bxc5 23. Nxc5 Qc8 24. bxa3 g6 25. Qg4 h5 26. Qg5
Kg7 27. Rd3 Bc6 28. Rg3 Be8 29. Rh3 Kf8 30. Qh6+ Ke7 31. Rf3 Nb6 32. Qg5+
Kf8 33. Bxg6 Nd7 34. Nxe6+ 1-0

[Event "Open"]
[Site "Baku AZE"]
[Date "2010.08.26"]
[Round "4"]
[White "Guliyev,N"]
[Black "Khademi,M"]
[Result "1-0"]
[WhiteElo "2510"]
[BlackElo "2226"]
[EventDate "2010.08.23"]

1. e4 d5 2. exd5 Nf6 3. d4 Qxd5 4. Nc3 Qa5 5. Nf3 Bg4 6. h3 Bh5 7. g4 Bg6
8. Ne5 c6 9. Bg2 Be4 10. f3 Bd5 11. O-O Be6 12. f4 Nd5 13. f5 Nxc3 14. bxc3
Bd5 15. Rb1 f6 16. Bxd5 cxd5 17. Nd3 Qxc3 18. Nf4 e5 19. dxe5 fxe5 20. Rb3
Qc6 21. Qxd5 Qxd5 22. Nxd5 Na6 23. Bg5 Kd7 24. Rd1 Bc5+ 25. Kg2 Kc6 26.
Ne7+ Kc7 27. Rbd3 Rae8 28. Rd7+ Kb8 29. Nd5 Rhg8 30. f6 h6 31. f7 hxg5 32.
fxg8=Q Rxg8 33. Rb1 b6 34. Rf1 1-0

[Event "Open"]
[Site "Baku AZE"]
[Date "2010.08.26"]
[Round "4"]
[White "Guseinov,G"]
[Black "Golizadeh,A"]
[Result "1/2-1/2"]
[WhiteElo "2611"]
[BlackElo "2481"]
[EventDate "2010.08.23"]

1. e4 c5 2. Nc3 d6 3. Nf3 Nf6 4. d4 cxd4 5. Nxd4 a6 6. Bg5 e6 7. f4 Bd7 8.
Qe2 h6 9. Bh4 Be7 10. O-O-O O-O 11. g4 Nc6 12. Nxc6 Bxc6 13. g5 Nh7 14. Rg1
hxg5 15. fxg5 g6 16. Qg4 b5 17. Bd3 b4 18. Ne2 e5 19. Be1 Bd7 20. Qg3 Be6
21. Bxb4 Bxg5+ 22. Kb1 Rb8 23. Bc3 Qb6 1/2-1/2

[Event "Open"]
[Site "Baku AZE"]
[Date "2010.08.26"]
[Round "4"]
[White "Maghalashvili,Da"]
[Black "Abbasov,V"]
[Result "1-0"]
[WhiteElo "2465"]
[BlackElo "2157"]
[EventDate "2010.08.23"]

1. Nf3 Nf6 2. g3 g6 3. Bg2 Bg7 4. c4 Nc6 5. d4 d6 6. O-O O-O 7. d5 Nb8 8.
Nc3 e5 9. e4 a5 10. Ne1 Na6 11. Nd3 Nd7 12. Be3 Nac5 13. f4 Nxd3 14. Qxd3
Nc5 15. Bxc5 dxc5 16. f5 g5 17. f6 Bxf6 18. Nd1 Ra6 19. Ne3 Bg7 20. Bf3 Rf6
21. Bg4 Rxf1+ 22. Rxf1 Bxg4 23. Nxg4 b6 24. Ne3 Kh8 25. Qd1 f6 26. Qa4 Rf7
27. Nf5 Bf8 28. Qc6 Bg7 29. Kg2 h6 30. h4 1-0

[Event "Open"]
[Site "Baku AZE"]
[Date "2010.08.26"]
[Round "4"]
[White "Mamedov,Rau"]
[Black "Bajarani,U"]
[Result "1-0"]
[WhiteElo "2660"]
[BlackElo "2409"]
[EventDate "2010.08.23"]

1. e4 c5 2. Nf3 d6 3. d4 cxd4 4. Qxd4 a6 5. Be3 Nc6 6. Qd2 Nf6 7. Nc3 e6 8.
O-O-O Be7 9. Bf4 Ng4 10. Bg5 Nf6 11. Bf4 Ng4 12. Bg5 Nf6 13. Kb1 Qc7 14. h4
Bd7 15. Bd3 b5 16. h5 h6 17. Bh4 b4 18. Ne2 a5 19. g4 Nxg4 20. Rdg1 Bxh4
21. Rxh4 Nxf2 22. Bb5 Qb6 23. Ned4 Nxd4 24. Bxd7+ Kxd7 25. Nxd4 e5 26. Nf3
g5 27. hxg6 fxg6 28. Qd5 Raf8 29. Nxe5+ Kc7 30. Rxg6 Rh7 31. Rhxh6 Rfh8 32.
Qg8 1-0

[Event "Open"]
[Site "Baku AZE"]
[Date "2010.08.26"]
[Round "4"]
[White "Mammadov,Z"]
[Black "Orujov,S"]
[Result "1-0"]
[WhiteElo "2302"]
[BlackElo "2077"]
[EventDate "2010.08.23"]

1. e4 e5 2. Nf3 Nc6 3. Bb5 a6 4. Ba4 Nf6 5. Nc3 b5 6. Bb3 Be7 7. a4 b4 8.
Nd5 O-O 9. Nxf6+ Bxf6 10. O-O Na5 11. d4 Nxb3 12. cxb3 exd4 13. e5 Be7 14.
Nxd4 f6 15. Nf5 Rb8 16. Qg4 g6 17. Qc4+ Kh8 18. Nxe7 Qxe7 19. exf6 Qxf6 20.
Be3 Qf7 21. Bd4+ Kg8 22. Qxc7 Qd5 23. Qxb8 Bb7 24. Qg3 Qxd4 25. Rad1 Qg7
26. Qg4 Bc6 27. Qd4 Qe7 28. Qc4+ Kg7 29. h4 Kh6 30. Rfe1 Qf6 31. Qc5 Rf7
32. Qe3+ Kg7 33. Qd4 1-0

[Event "Open"]
[Site "Baku AZE"]
[Date "2010.08.26"]
[Round "4"]
[White "Namazov,F"]
[Black "Durarbeyli,V"]
[Result "0-1"]
[WhiteElo "2147"]
[BlackElo "2501"]
[EventDate "2010.08.23"]

1. d4 Nf6 2. c4 c5 3. d5 b5 4. cxb5 a6 5. bxa6 Bxa6 6. Nc3 d6 7. e4 Bxf1 8.
Kxf1 g6 9. Nge2 Bg7 10. h3 O-O 11. Kg1 Nbd7 12. Qc2 Qa5 13. Rb1 Rfb8 14. b3
Rb4 15. a3 Rb7 16. Kh2 Rab8 17. Rd1 Ne8 18. a4 Nc7 19. Bd2 Qa6 20. Bg5 Kf8
21. Na2 h6 22. Be3 Kg8 23. Nec3 Kh7 24. f4 Nf6 25. e5 dxe5 26. Bxc5 exf4
27. b4 Qc4 28. Qd3 Qxd3 29. Rxd3 Na6 30. Nb5 Rc8 31. Bd4 Rd7 32. Nbc3 Rc4
33. b5 Nc5 34. Bxc5 Rxc5 35. a5 Nxd5 36. Nxd5 Rcxd5 37. Rxd5 Rxd5 38. a6 f3
39. b6 Rd2 40. Kg3 Rxa2 41. a7 f2 0-1

[Event "Open"]
[Site "Baku AZE"]
[Date "2010.08.26"]
[Round "4"]
[White "Rasulov,Vu"]
[Black "Jojua,D"]
[Result "1-0"]
[WhiteElo "2442"]
[BlackElo "2530"]
[EventDate "2010.08.23"]

1. e4 c5 2. Nf3 e6 3. c3 Nf6 4. e5 Nd5 5. d4 cxd4 6. cxd4 d6 7. Bc4 Nb6 8.
Bd3 Nc6 9. a3 Be7 10. O-O d5 11. Nc3 a6 12. Ne2 Bd7 13. Nf4 g6 14. Nh3 h6
15. Nf4 Qc7 16. Bd2 O-O-O 17. Rc1 Kb8 18. Bb4 Be8 19. Rc3 g5 20. Ne2 Bxb4
21. axb4 Qe7 22. b5 axb5 23. Bxb5 Rc8 24. Nd2 Na5 25. Rxc8+ Nxc8 26. Qa4
Bxb5 27. Qxb5 Nc6 28. f4 g4 29. Nb3 f5 30. exf6 Qxf6 31. Nc5 Rh7 32. Ra1
Nd6 33. Qa4 Kc7 34. Kh1 Ne4 35. Nxb7 Kxb7 36. Qa6+ Kc7 37. Rc1 e5 38. Qa7+
Kd8 39. Qxh7 exf4 40. Qg8+ Kc7 41. Qxd5 Nf2+ 42. Kg1 Nd3 43. Rc3 f3 44. Ng3
Nf4 45. Qe4 fxg2 46. Rxc6+ 1-0

[Event "Open"]
[Site "Baku AZE"]
[Date "2010.08.26"]
[Round "4"]
[White "Sulashvili,M"]
[Black "Kowsarinia,A"]
[Result "1/2-1/2"]
[WhiteElo "2498"]
[BlackElo "2195"]
[EventDate "2010.08.23"]

1. d4 e6 2. c4 b6 3. Nf3 Bb7 4. a3 f5 5. g3 Nf6 6. Bg2 Bd6 7. O-O O-O 8. b4
a5 9. c5 Be7 10. Bb2 axb4 11. axb4 Nc6 12. Qb3 Rxa1 13. Bxa1 Qa8 14. Nbd2
bxc5 15. dxc5 Nd5 16. b5 Ncb4 17. Ne5 Qe8 18. e4 fxe4 19. Nxe4 Ba8 20. Qb2
Bf6 21. Nxf6+ gxf6 22. Nf3 Qe7 23. Qd4 c6 24. b6 Bb7 25. Rc1 Ra8 26. Nd2 e5
27. Qg4+ Kh8 28. Ne4 Nd3 29. Rd1 Nxc5 30. Nxc5 Qxc5 31. Qxd7 Qxb6 32. Be4
Qc7 33. Rxd5 Rxa1+ 34. Kg2 Qxd7 35. Rxd7 Ba6 36. Rxh7+ Kg8 37. Rc7 Rc1 38.
h4 Be2 39. f3 Rc3 40. h5 f5 41. Rxc6 Rxc6 42. Bxc6 e4 43. fxe4 fxe4 44. Be8
e3 1/2-1/2